00368 2200145 4500001002100000005001700021006001900038008004100057020001800098035002500116100001800141245001500159260003000174990001800204INLIS00000000001058820150227093654.0a ||| | 170609| ||| |  a979-20-2613-4 a0010-0215000000009900 aMika Kawamura00aUfo Baby 1 aJakartabElex Mediac2001 a1442/bel/2002